Šesťdesiate roky

Bibliographic Details
Main Authors: Mlynárčik, Alex, 1934- (Author), Matuštík, Radislav, 1929-2006 (Author)
Format: Article
Language:Slovak
PhysicalDescription:Obr. 9
ISSN:0139-7214
Subjects:

MARC

LEADER 00000nab a2200000 a 4500
001 vtls000584344
003 SK-MaSNL
005 20260304085115.0
008 250425c1995 xo 0 slo
015 |a SNBRB19rr/mm-uuuuu 
035 |a CL0584483 
035 |a urn:nbn:sk:snk-abf2q 
035 |a (urnnbn)urn:nbn:sk:snk:ar-0055s2 
035 |a (uuid)037cb9d6-ab63-4b2b-8e55-6c5c1bed0e31 
040 |a SNKBUCL  |b slo  |c SNKBUCL  |e AACR2 
041 0 |a slo 
044 |a xo  |c SK 
080 |a 73/76(437.6)  |2 1981 
080 |a 73/76.036(437.6)  |2 1981 
100 1 |a Mlynárčik, Alex,  |d 1934-  |4 aut  |9 234200 
245 1 0 |a Šesťdesiate roky  |c Alex Mlynárčik, Radislav Matuštík 
300 |b Obr. 9 
650 0 7 |a slovenské výtvarné umenie  |2 snkbucl  |9 68597 
655 7 |a články z novín a časopisov  |2 snkbucl  |9 267496 
700 1 |a Matuštík, Radislav,  |d 1929-2006  |4 aut  |9 226052 
773 0 |t Výtvarný život  |g Roč. 40, č. 4-5 (1995), s. 18-21  |x 0139-7214 
850 |a Slovenská národná knižnica 
852 |a Slovenská národná knižnica 
954 |a odborná, vedecká literatúra pôvodná (slovenská)  |2 lita 
958 |a article27 
958 |a RK 
958 |a SK 
958 |a OND 
958 |a EUIPO 
992 |a RBX 
999 |c 2806540  |d 2808470